1049 1687 1258 1458 1850 1538 1135 1762 1379 1559 1480 1666 1447 1996 1703 1922 1409 1453 1860 1958 1091 1542 1830 1915 1353 1729 1846 1997 1430 1262 1112 1886 1793 1189 1250 1362 1643 1569 1208 1682 1957 1396 1805 1095 1385 1369 1542 1019 1593 1988 1355 1185 1254 1470 1238 1025 1563 1998 1815 1603 1451 1697 1226 1328 1925 1663 1666 1278 1603 1384 1902 1035 1832 1832 1125 1845 1407 1569 1258 1452 1212 1463 1964 1800 1491 1408 1594 1856 1477 1070 1122 1178 1457 1162 1645 1898 1731 1736 1102 BCNSPRNW ULIB Ver.6.0+V

เปลี่ยนเป็นภาษาไทย

Change to English
 แสดงรายละเอียดบรรณานุกรม
  กลับหน้าหลัก

Brief Record : Get Marc (ISO 2709) : E-mail record : QR code < ปิดหน้าต่าง
LEADER : 00000nas 2200000uu 4500
001    13399113690
003     ULIB
008    020711s|||| th a 000 0 tha d
022    ^a08596808
110    ^aวารสารวิทยาลัยพยาบาลบรมราชชนนี อุตรดิตถ์
245    ^aวารสารวิทยาลัยพยาบาลบรมราชชนนี อุตรดิตถ์
260    ^aอุตรดิตถ์ :^bวารสารวิทยาลัยพยาบาลบรมราชชนนี อุตรดิตถ์,^cม.ป.ป.
310    ^aราย 6 เดือน
850 ^a ULIB^bปีที่ 2 ฉบับที่ 3 ;ปีที่ 1 ฉบับที่ 4 ;ปีที่ 2 ฉบับที่ 4 ;ปีที่ 1 ฉบับที่ 5 ;ปีที่ 1 ฉบับที่ 7 ฉ.1 ;ปีที่ 2 ฉบับที่ 7 ฉ.1 ;ปีที่ 1 ฉบับที่ 8 ฉ.1 ;ปีที่ 2 ฉบับที่ 8 ฉ.1 ;ปีที่ 9 ฉบับที่ 2 ฉ.1
945    ^p0^l0^i900008
945    ^p0^l0^i900527
945    ^p0^l0^i900972
945    ^p0^l0^i901366
945    ^p0^l0^i903269
945    ^p0^l0^i903735
945    ^p0^l0^i903959
945    ^p0^l0^i904299
945    ^p0^l0^i904857
999    ^aวรรณษา ชูชัยมงคล
รายการนี้ยังไม่มีแท็ก
คุณยังไม่ได้ล็อกอิน คุณสามารถมีกิจกรรมร่วมกับเว็บไซต์ได้ แต่ต้องล็อกอินก่อน ::
  ล็อกอิน

รายการสื่อสารสนเทศ (วารสาร)

ดูแบบ: กล่อง รายการ
ARRIVED
ปีที่ 2 ฉบับที่ 3
สถานที่: ห้องสมุดวิทยาเขตสวรรค์ประชารักษ์ >หนังสือทั่วไป
ARRIVED
ปีที่ 1 ฉบับที่ 4
สถานที่: ห้องสมุดวิทยาเขตสวรรค์ประชารักษ์ >วารสาร
ARRIVED
ปีที่ 2 ฉบับที่ 4
สถานที่: ห้องสมุดวิทยาเขตสวรรค์ประชารักษ์ >วารสาร
ARRIVED
ปีที่ 1 ฉบับที่ 5
สถานที่: ห้องสมุดวิทยาเขตสวรรค์ประชารักษ์ >วารสาร
ARRIVED
ปีที่ 1 ฉบับที่ 7 ฉ.1
สถานที่: ห้องสมุดวิทยาเขตสวรรค์ประชารักษ์ >หนังสือพิมพ์
ARRIVED
ปีที่ 2 ฉบับที่ 7 ฉ.1
สถานที่: ห้องสมุดวิทยาเขตสวรรค์ประชารักษ์ >หนังสือพิมพ์
ARRIVED
ปีที่ 1 ฉบับที่ 8 ฉ.1
สถานที่: ห้องสมุดวิทยาเขตสวรรค์ประชารักษ์ >หนังสือพิมพ์
ARRIVED
ปีที่ 2 ฉบับที่ 8 ฉ.1
สถานที่: ห้องสมุดวิทยาเขตสวรรค์ประชารักษ์ >หนังสือพิมพ์
ARRIVED
ปีที่ 9 ฉบับที่ 2 ฉ.1
สถานที่: ห้องสมุดวิทยาเขตสวรรค์ประชารักษ์ >วารสาร
รายการใกล้เคียง
    ผู้แต่ง []

BibComment


ยังไม่เคยถูกคอมเมนท์

คอมเมนท์ทรัพยากรรายการนี้
  คอมเมนท์: วารสารวิทยาลัยพย..


 Copyright 2026. Bcnsprnw @Library